| 000 | 01173 a2200205 4500 | ||
|---|---|---|---|
| 005 | 20080828095522.0 | ||
| 008 | 080828t xxu||||| |||| 00| 0 hin d | ||
| 010 | _aHIN-83340 | ||
| 020 |
_c400.00 _a8188418250 |
||
| 035 | _aHN-55686 | ||
| 037 | _bपु.प्र.अ.प्र /प्रका | ||
| 082 | _a303.484092 | ||
| 100 | _aसकवार, कमलेश | ||
| 245 |
_aराजा राममोहन राय एवं महर्षि दयानंद सरस्वती व्यक्तित्व और कृतित्व / _cकमलेश सकवार |
||
| 260 |
_aजयपुर _bगीतांजलि प्रकाशन _c2007 |
||
| 270 |
_aहाज़ी बिल्डिंग, फिल्म कालोनी _bजयपुर _e302003 _c(राज.) _k0141- 2315072 |
||
| 300 |
_a268पृ _c22 सेमी (सजिल्द) |
||
| 942 |
_adpl _cHN _k303.484092 / सकवा _2ddc _h303.484092 _mसकवा |
||
| 999 |
_c12193 _d12193 |
||